Liečba sclerosis multiplex

Bibliographic Details
Main Author: Gúth, Anton, 1951-2023 (Author)
Format: Article
Language:Slovak
Subjects:

MARC

LEADER 00000nab a2200000 a 4500
001 vtls000653581
003 SK-MaSNL
005 20260304094903.0
008 250425c1998 xo 0 slo
015 |a SNBRA1998/02-04456 
035 |a CLN000005774 
035 |a urn:nbn:sk:snk-ab7fd1 
035 |a (urnnbn)urn:nbn:sk:snk:ar-005dem 
035 |a (uuid)e4239583-d514-4213-8de8-e079c0c7e461 
040 |a SNKBUCL  |b slo  |c SNKBUCL  |e AACR2 
041 0 |a slo 
044 |a xo  |c SK 
080 |a 616.831-004  |2 1997 
100 1 |a Gúth, Anton,  |d 1951-2023  |4 aut  |9 89987 
245 1 0 |a Liečba sclerosis multiplex  |c A. Gúth 
504 |a Res. angl., nem., slov. Bibliogr. odkazy 
650 0 7 |a skleróza multiplex  |x príručky  |x recenzie  |2 snkbucl  |9 1391678 
655 7 |a články zo zborníkov  |2 snkbucl  |9 166140 
773 0 |t Rehabilitácia  |g Roč. 31, č. 1 (1998), s. 55  |x 0375-0922 
787 0 8 |i Rec.:  |a Wötzel, Ch.  |t Therapie der Multiplex Sklerose  |d München : Pflaum Verlag GmbH & Co., 1997  |z 3790507474 
850 |a Slovenská národná knižnica 
852 |a Slovenská národná knižnica 
954 |a odborná, vedecká literatúra pôvodná (slovenská)  |2 lita 
958 |a article7 
958 |a OND 
958 |a NB 
958 |a EUIPO 
992 |a RZB 
999 |c 2829488  |d 2831418